North American Pro Sports Team Names by Antonyms - Statistics

General Stats
  • This quiz has been taken 27 times
  • The average score is 18 of 60
Answer Stats
Hint Answer % Correct
Queens Kings
82%
Cold Heat
68%
Unboxers Packers
64%
Sinners Saints
64%
Sharks Dolphins
59%
Dwarfs Giants
59%
Blue Shirts Red Sox
59%
Demons Angels
55%
Angels Devils
55%
Revolutionaries Patriots
55%
Prey Predators
55%
Lightning Thunder
55%
Tame Wild
55%
Witches Wizards
55%
Americans Canadiens
50%
Ewes Rams
50%
Moons Suns
50%
Red Pants Blue Jackets
41%
Cowards Braves
41%
Cows Bulls
41%
Attackers Guardians
36%
Mainlanders Islanders
36%
Blue Feet Red Wings
36%
Peasants Royals
36%
Paychecks Bills
32%
Retreaters Chargers
32%
Only Child Twins
32%
Royal Sailors Buccaneers
27%
Lowercases Capitals
27%
Globals Nationals
27%
Couch Potatoes Athletics
23%
Does Bucks
23%
Ensigns Commanders
23%
Butterflies Hornets
23%
Cars Jets
23%
Landlubbers Mariners
23%
Planets Stars
23%
Mountain Lions Timberwolves
23%
Fillies Colts
18%
Colliders Dodgers
18%
Ice Flames
18%
Defenders Raiders
18%
Tsunami Avalanche
14%
Prohibitionists Brewers
14%
Landers Lakers
14%
Science Magic
14%
Doves Ravens
14%
Butter Knives Sabres
14%
Commoners Chiefs
9%
Chickens Hawks
9%
Mortals Titans
9%
Civilians Warriors
9%
Rebels Yankees
9%
Runners Flyers
5%
Conformers Mavericks
5%
Stoppers Pacers
5%
Philanthropists Pirates
5%
Softies Rockies
5%
Outlaws Rangers
0%
Quilters Steelers
0%
No matching quizzes found
Score Distribution
Percent of People with Each Score
Percentile by Number Answered
Your Score History
You have not taken this quiz